Statistics for Vegas Golden Knights Roster 2022

Click here to take the quiz!

General Stats

  • This quiz has been taken 462 times
    (186 since last reset)
  • The average score is 14 of 23

Answer Stats

Pos, #BirthplacePlayer% Correct
F, 9Massachusetts, USAJack Eichel
94%
F, 61Manitoba, CANMark Stone
91%
D, 7Ontario, CANAlex Pietrangelo
85%
F, 81Quebec, CANJonathan Marchessault
85%
F, 71Stockholm, SWEWilliam Karlsson
85%
F, 19Ontario, CANReilly Smith
74%
G, 36Alberta, CANLogan Thompson
73%
D, 27British Columbia, CANShea Theodore
72%
G, 33British Columbia, CANAdin Hill
67%
F, 8Wisconsin, USAPhil Kessel
65%
F, 10Quebec, CANNicolas Roy
61%
F, 20Saskatchewan, CANChandler Stephenson
60%
F, 55Manitoba, CANKeegan Kolesar
57%
D, 23Michigan, USAAlec Martinez
53%
D, 3Saskatchewan, CANBrayden McNabb
53%
D, 2Manitoba, CANZach Whitecloud
53%
D, 14Ontario, CANNicolas Hague
51%
F, 28Quebec, CANWilliam Carrier
48%
F, 21Manitoba, CANBrett Howden
39%
F, 43Michigan, USAPaul Cotter
39%
D, 17Ontario, CANBen Hutton
34%
F, 22Ontario, CANMichael Amadio
33%
F, 15North Carolina, USAJake Leschyshyn
13%

Score Distribution

Percentile by Number Answered

Percent of People with Each Score

Your Score History

You have not taken this quiz since the last reset